Statistiques concernant Villes les plus peuplées d'Italie

Cliquez ici pour prendre le quiz!

Statistiques générales

  • Ce quiz a été pris 236 fois
  • Le résultat moyen est 12 sur 20

Statistiques - réponses

PopulationVille% Correct
2 761 632Rome
100%
1 371 498Milan
98%
914 758Naples
96%
848 885Turin
95%
253 777Venise
90%
367 150Florence
82%
630 828Palerme
78%
571 701Gênes
74%
392 203Bologne
72%
257 235Vérone
61%
316 140Bari
60%
197 232Parme
59%
296 919Catane
43%
200 087Trieste
31%
196 586Brescia
28%
208 518Padoue
28%
185 202Modène
27%
218 762Messine
25%
188 355Tarente
17%
200 652Prato
7%

Distribution des résultats

Percentile par nombre de réponses

% des personnes avec chaque résultat

Votre développement - résultats

Vous n’avez pas pris ce quiz